| 000 | 01606nam a2200181 a 4500 | ||
|---|---|---|---|
| 001 | 401 | ||
| 003 | CO-ViMGA | ||
| 008 | 141112s2004 ck r 000 u spa d | ||
| 040 |
_aCO-ViMGA _bspa _cCO-ViMGA |
||
| 082 | 0 | 4 | _a616.89 K165 |
| 100 | 1 |
_aKaplan, Harold I. _948165 |
|
| 245 | 1 | 0 |
_aSinopsis de psiquiatría : _bciencias de la conducta, psiquiatría clínica / _cKaplan Harold I , Sadock Benjamin J , Grabb Jack A |
| 260 |
_aBarcelona : _bMedica PanAméricana, _c1966 |
||
| 300 | _a1272 p | ||
| 505 | _aEl desarrollo humano a lo largo del ciclo vital La adolescencia; La adultez; La edad adulta tardía; Tanatología : La muerte y el duelo 66 - - El cerebro y la conducta Neuroanatomía; Imágenes del cerebro; Genética de la conducta Contribuciones de las ciencias psicosociales al comportamiento humano La teoría del vínculo; Antropología y psiquatría 104 - - Teorías de la personalidad y psicopatología Escuelas derivadas del psicoanálisis 246 - - Evaluación clínica del paciente psiquiátrico Evaluación medica en psiquatría 304 - - Delirium, demencia, amnesicos y otros transtornos cognitivos 374 - - Transtornos relacionados con sustancias Alcohol, anfetamina, cocaína, inhalantes, nicotina, opiáceos 464 - - Esquizofrenias 518 - - Transtornos del estado de ánimo 577 - - Transtornos de ansiedad 607 - - Transtornos disociativos 654 - - Transtornos de la personalidad 771 - - Psicoterapias hipnosis; Terapia conductual, bioretroacción 863 - - Terapias biológicas 920 - - Psiquiatría infantil 1036 - - Psiquiatría geriatríca 1193 | ||
| 650 | 1 | 4 | _aPSIQUIATRIA |
| 942 |
_2ddc _cBK |
||
| 999 |
_c12643 _d12643 |
||